Регионална библиотека "Любен Каравелов" - Русе

Триумфът на колелото (Запис номер 171100)

MARC детайли
000 -Лидер
Контролно поле с фиксирана дължина 01342nam a2200313 a 4500
003 - Код на организацията, давaща контролен номер
Контролно поле BLK
005 - Дата и час на последна редакция
Контролно поле 20240516152839.0
008 - Елементи от данни с фиксирана дължина
fixed length control field 180411b bul|||||r ||||||| ||bul||
010 ## - Наследен системен номер
LC control number KNG00179347000
040 ## - Източник на каталожния запис
Идентификатор на билиотеката - собственик на записа BLK
041 ## - Код за език
Код за езика на текст/звукозапис или на отделно заглавие Български
Код за езика КДБФ Български
080 ## - УДК
Текстов определител УДК Елементи с въртеливо движение - Ротори,барабани,колела и др.
УДК код - определител по УДК 62-25
УДК определител (091)(02.062)
УДК - код + определител 62-25(091)(02.062)
100 1# - Редна дума - Автор
Автор Пацелт, Ото
Авторска отговорност първи автор
R(LIN) 107343
139 ## - Редно поле
Редна дума Пацелт, Ото
Авторски знак Пау - П 29
245 10 - Сведения за заглавието
Заглавие Триумфът на колелото
Подзаглавни данни История и значение на едно изобретение : [Науч.-попул. четиво]
Редно поле (дума) Ото Пацелт ; прев. от нем. Петър Спиридонов.
257 ## - Страна на издаване
Страна на създаване/издаване Германия
260 ## - Област на издателските данни
Място на издаване, разпространение и проч. София
Име на издателя, разпространителя и проч. Техника
Година на издаване 1982
300 ## - Физическа характеристика
Страници 172 с.
Илюстрации и др. с ил.
Размери/Мащаб 21 см
380 ## - Жанр
Жанр Техника
500 ## - Общи забележки
Забележка Ориг. загл. Triumph des Rades.
650 #4 - Допълнително описание по предмет – тема
Основно описание – тема или топоним Колело - история и развитие
9 (RLIN) 158948
653 ## - Ключова дума – ненормативна
Ключова дума колела
653 ## - Ключова дума – ненормативна
Ключова дума изобретения
700 1# - Други автори (авторска отговорност)
Лично име Спиридонов, Петър
Автороска отговорност (Описва отношението между автора и произведението) прев. от нем.
9 (RLIN) 382450
852 ## - Местоположение
Форматна сигнатура Цб 117248
Фондова буква Хранилище
999 ## - СИСТЕМНИ КОНТРОЛНИ НОМЕРА
Koha biblionumber 171100
Koha biblioitemnumber 171100
942 ## - АРТИКУЛИ
Вид на библиотечния материал Книги
Скрит в OPAC Не
Периодичен библиозапис Да
Koha issues (borrowed), all copies 2
944 ## - СЪЗДАВАНЕ И РЕДАКЦИЯ на ЗАПИСА
Създаване/Редакция Създаване
Дата на регистрацията/редакция 07.08.2015
Статус, дата на статуса Галина Якимова
Служител, извършил регистрацията/редакцията 30564
944 ## - СЪЗДАВАНЕ И РЕДАКЦИЯ на ЗАПИСА
Създаване/Редакция Редакция
Дата на регистрацията/редакция 2022-04-28
Служител, извършил регистрацията/редакцията ГГГ
Наличности
Код за отписване Код за изгубен артикул Източник на класификационната схема Код за повреда Коз за рестрикции Код за отдаване Артикулен № Име на библиотеката - собственик Име на библиотеката, в която се намира в момента Статус (Текущо местоположение) Дата на вписване в системата Местоположение - отдел Цена в лева Инвентарен номер Систематично азбучна сигнатура Баркод Номер на екземпляра Цена в евро Служебна бележка Служебен тип на артикула
  Не е изгубен Universal Decimal Classification Не е повреден само за читалня ползва се в читалня 290576 Регионална библиотека "Любен Каравелов" Русе Регионална библиотека "Любен Каравелов" Русе Хранилище 1982-01-01 Хранилище 1.11 362464 Цб 117248 120000362464 1 0.57 Дост: Dp Вид: Д N: стар фонд Дата: 01.01.1982 Книги
  Не е изгубен Universal Decimal Classification Не е повреден без рестрикции заемане за дома 290577 Регионална библиотека "Любен Каравелов" Русе Регионална библиотека "Любен Каравелов" Русе Заемна - подръчен фонд 1982-01-01 Заемна - подръчен фонд 1.11 362797 П 62/П 29 120000362797 2 0.57 Дост: Pk Вид: Ф N: стар фонд Дата: 01.01.1982 Дата инв: 06.02.2018 Бележки инв: П2018 Книги
Изтеглен Не е изгубен Universal Decimal Classification Не е повреден без рестрикции заемане за дома 290578 Регионална библиотека "Любен Каравелов" Русе Регионална библиотека "Любен Каравелов" Русе Заемна - подръчен фонд 1982-01-01 Заемна - подръчен фонд 1.11 362800 П 62/П 29 362800 3 0.57 Дост: Pk Вид: Ф N: стар фонд Дата: 01.01.1982 Книги
Изтеглен Не е изгубен Universal Decimal Classification Не е повреден без рестрикции заемане за дома 290579 Регионална библиотека "Любен Каравелов" Русе Регионална библиотека "Любен Каравелов" Русе Заемна - подръчен фонд 1982-01-01 Заемна - подръчен фонд 1.11 362802 П 62/П 29 362802 4 0.57 Дост: Pk Вид: Ф N: стар фонд Дата: 01.01.1982 Дата инв: 16.02.2018 Бележки инв: П2018 Книги
  Не е изгубен Universal Decimal Classification Не е повреден без рестрикции заемане за дома 290580 Регионална библиотека "Любен Каравелов" Русе Регионална библиотека "Любен Каравелов" Русе Детски отдел 1982-01-01 Детски отдел 1.11 363044 ДН 62/П 29 120000363044 5 0.57 Дост: Pk Вид: Ф N: стар фонд Дата: 01.01.1982 Дата инв: 02.10.2015 Бележки инв: Д2015 Книги
Vip Innovations Ltd, Rousse, Bulgaria 2025